[Event "Mistrzostwa Miedzywojewodzkie Juniorow OP-SL C11"]
[Site "OW ”Sudety” Pokrzywna "]
[Date "1899-12-30"]
[Round "2.14"]
[White "Myszor, Przemyslaw"]
[Black "Grodzicki, Piotr"]
[Result "1/2-1/2"]
[WhiteTitle "II"]
[BlackTitle "II"]
[WhiteElo "1076"]
[BlackElo "1169"]

1. e4 c6 2. d4 d5 3. exd5 cxd5 4. c4 Nf6 5. Nc3 e6 6. Bd2 Be7 7. Nf3 O-O 8. cxd5
Nxd5 9. Bc4 Nxc3 10. Bxc3 b6 11. O-O Bb7 12. Qd3 Nd7 13. Rfe1 Nf6 14. Rad1 Nd5
15. Bxd5 Bxd5 16. a3 Rc8 17. Qe3 Qc7 18. Rc1 Qb7 19. Red1 Rc7 20. Re1 Rfc8 21.
Qd3 Bxf3 22. Qxf3 Qxf3 23. gxf3 Bxa3 24. Ra1 Bd6 25. Ra6 Kf8 26. Rea1 Ra8 27.
Rxb6 Bf4 28. Rba6 g6 29. Bb4+ Kg7 30. Bc5 Rb7 31. Rxa7 Raxa7 32. Rxa7 Rxb2 33.
Ra3 Rd2 34. Ra4 Rd3 35. Ra3 Rxa3 36. Bxa3 Kf6 37. Kg2 Kf5 38. h3 h5 39. Bf8 g5
40. Bc5 Kg6 41. Be7 f5 42. Bd8 Kf7 43. Bb6 Ke7 44. Bc5+ Bd6 45. Bb6 Kd7 46. Ba5
Kc6 47. Bd8 Bf4 48. Bf6 Kd5 49. Kf1 g4 50. fxg4 fxg4 51. hxg4 hxg4 52. Kg2 Ke4
53. Bg7 e5 54. dxe5 Bxe5 55. Bf8 Bd4 56. Be7 Bxf2 57. Kxf2 1/2-1/2

[Event "Mistrzostwa Miedzywojewodzkie Juniorow OP-SL C11"]
[Site "OW ”Sudety” Pokrzywna "]
[Date "1899-12-30"]
[Round "3.1"]
[White "Herwy, Jakub"]
[Black "Czernecki, Andrzej"]
[Result "1-0"]
[WhiteTitle "II+"]
[BlackTitle "II+"]
[WhiteElo "1331"]
[BlackElo "1462"]

1. e4 c5 2. c4 Nc6 3. Nc3 g6 4. g3 Bg7 5. Bg2 d6 6. Nge2 h5 7. O-O h4 8. d3 h3
9. Bh1 Bg4 10. f3 Bd7 11. Be3 Nd4 12. Qd2 e6 13. Rae1 Ne7 14. f4 Bc6 15. Bf2 Qb6
16. Nxd4 cxd4 17. Ne2 e5 18. b3 Bh6 19. g4 Bd7 20. g5 Bg7 21. Bg3 a5 22. Nc1 Be6
23. Rf2 exf4 24. Bxf4 Be5 25. Bf3 Qc5 26. Bg3 b6 27. Ne2 Nc6 28. Nf4 Bxf4 29.
Qxf4 Ne5 30. Be2 Ra7 31. Ref1 Rh7 32. Qf6 Qc7 33. Rf4 Qe7 34. Qxe7+ Kxe7 35. Bf2
Nc6 36. Kh1 Ra8 37. a4 Rb8 38. Rb1 Rb7 39. Be1 Ra7 40. Kg1 Ra8 41. Rh4 Rxh4 42.
Bxh4 Nb4 43. Be1 Bd7 44. Bxb4 axb4 45. Kf2 Ra5 46. Rg1 f6 47. gxf6+ Kxf6 48. Bg4
Bxg4 49. Rxg4 Rh5 50. Rf4+ Ke5 51. Rf3 Ke6 52. Rg3 Kf6 53. Kf3 g5 54. Rg4 Ke5
55. Rg1 Kf6 56. Kg3 Kg6 57. Re1 Rh8 58. e5 Re8 59. exd6 Rd8 60. Kxh3 Rxd6 61.
Kg4 Rf6 62. Re4 Rf2 63. Rxd4 Rb2 64. Rd6+ Kf7 65. Kxg5 Rxb3 66. Rxb6 Rb1 67. Kh5
b3 68. h4 b2 69. a5 Ra1 70. Rxb2 Rxa5+ 71. Kg4 Ra3 72. Rd2 Rc3 73. h5 Kg7 74.
Kg5 Kh7 75. h6 Rc1 76. Kf5 Kxh6 77. Ke5 Kg7 78. Kd6 1-0

[Event "Mistrzostwa Miedzywojewodzkie Juniorow OP-SL C11"]
[Site "OW ”Sudety” Pokrzywna "]
[Date "1899-12-30"]
[Round "3.2"]
[White "Chmiel, Pawel"]
[Black "Wiatrowski, Zbigniew"]
[Result "0-1"]
[WhiteTitle "III"]
[BlackTitle "II"]
[WhiteElo "1295"]
[BlackElo "1403"]

1. e4 d5 2. exd5 Qxd5 3. Nf3 Nf6 4. d4 e6 5. c4 Qd8 6. Be2 Bb4+ 7. Nc3 O-O 8. O-O
h6 9. Qc2 b6 10. a3 Bxc3 11. Qxc3 Bb7 12. b4 Nbd7 13. Rd1 Ne4 14. Qc2 Ndf6 15.
Ne5 Nd7 16. Nxd7 Qxd7 17. f3 Nd6 18. c5 Nf5 19. Bb2 Bd5 20. Bd3 Ne3 21. Qe2 Nxd1
22. Rxd1 Rad8 23. Be4 Bb3 24. Rc1 Bd5 25. h3 Qa4 26. Bd3 Qd7 27. Bc2 Ra8 28. Qa6
Qc8 29. Qe2 Qb7 30. Bb1 a5 31. c6 Qc8 32. b5 Qe8 33. a4 Rd8 34. Kh1 f5 35. Qe5
Rc8 36. Ba3 Rf6 37. Rc3 Qh5 38. Kh2 Qg5 39. Be7 Kf7 40. Bxf6 gxf6 41. Qe2 Rg8
42. Ba2 Bxa2 43. Qxa2 Qg3+ 44. Kh1 Qe1+ 45. Kh2 Qxc3 46. d5 Qe5+ 47. Kh1 Qxd5
48. Qc2 Rd8 49. Kh2 Qd6+ 50. f4 Qxf4+ 51. Kh1 Rd2 52. Qc1 Qd6 0-1

[Event "Mistrzostwa Miedzywojewodzkie Juniorow OP-SL C11"]
[Site "OW ”Sudety” Pokrzywna "]
[Date "1899-12-30"]
[Round "3.3"]
[White "Bogusz, Alan"]
[Black "Cieply, Krzysztof"]
[Result "1-0"]
[WhiteTitle "II+"]
[BlackTitle "II"]
[WhiteElo "1754"]
[BlackElo "1302"]

1. e4 c5 2. Nf3 Nc6 3. d4 cxd4 4. Nxd4 Nf6 5. Nc3 d6 6. Bg5 e6 7. Qd2 a6 8. O-O-O
Bd7 9. f3 Qc7 10. Kb1 O-O-O 11. Be3 Kb8 12. Nxc6+ Bxc6 13. Qd4 Nd7 14. a3 b5 15.
a4 Qb7 16. axb5 axb5 17. Qb4 d5 18. Qa5 Bd6 19. Nxb5 Bxb5 20. Qxb5 Nf6 21. Qxb7+
Kxb7 22. exd5 Nxd5 23. Bf2 Be5 24. Bd3 Kc7 25. Bg3 Bxg3 26. hxg3 h6 27. Rhe1 Rb8
28. Kc1 Nb4 29. Bc4 Ra8 30. Re3 Ra1+ 31. Kd2 Rd8+ 32. Bd3 Ra2 33. Rb1 Ra5 34.
Re4 Na6 35. Ke2 Nb8 36. Rc4+ Kb6 37. Rb4+ Kc7 38. Rb5 Ra4 39. b3 Ra2 40. Rd1 Nc6
41. Rc5 Kb6 42. Rc3 Nb4 43. Be4 Nd5 44. Bxd5 exd5 45. Rd2 Rd7 46. Rcd3 Rc7 47.
Rxd5 Raxc2 48. Rxc2 Rxc2+ 49. Kf1 Rc1+ 50. Kf2 Rc2+ 51. Kg1 Rc7 52. b4 Rb7 53.
Kf2 Kc6 54. Rd4 Kb5 55. g4 Ka4 56. Kg3 Rb6 57. Rd7 Rf6 58. Rb7 g5 59. Kf2 Rf4
60. g3 Rxb4 61. Rxf7 Rb6 62. f4 Rb2+ 63. Kf3 Rb3+ 64. Kg2 gxf4 65. Ra7+ Kb4 66.
Rb7+ Kc4 67. Rxb3 Kxb3 68. gxf4 Kc4 69. Kh3 Kd5 70. Kh4 Ke6 71. Kh5 Kf7 72. Kxh6
Kg8 73. g5 Kh8 74. f5 Kg8 75. f6 Kh8 76. g6 Kg8 77. f7+ Kf8 78. g7+ Kxf7 79. Kh7
Kf6 80. g8=Q Kf5 81. Qe8 Kf6 82. Qe4 Kf7 83. Qe5 Kf8 84. Kg6 Kg8 85. Qe8# 1-0

[Event "Mistrzostwa Miedzywojewodzkie Juniorow OP-SL C11"]
[Site "OW ”Sudety” Pokrzywna "]
[Date "1899-12-30"]
[Round "3.4"]
[White "Norek, Maciej"]
[Black "Goszyk, Bartosz"]
[Result "1-0"]
[WhiteTitle "II+"]
[BlackTitle "II"]
[WhiteElo "1447"]
[BlackElo "1270"]

1. e4 c5 2. Be2 d6 3. f4 Nc6 4. Nf3 Nf6 5. d3 g6 6. O-O Bg7 7. c3 O-O 8. Na3 Rb8
9. Nc2 b5 10. e5 Nd7 11. d4 a6 12. Ng5 Bb7 13. d5 Na7 14. e6 Nf6 15. exf7+ Kh8
16. Ne6 Qd7 17. Nxf8 Rxf8 18. Ne3 Rxf7 19. c4 bxc4 20. Bxc4 Ne8 21. Rb1 Nc7 22.
b3 Nc8 23. Bb2 Nb6 24. Bxg7+ Kxg7 25. Qd2 Kg8 26. Rbd1 Bc8 27. Qd3 Qe8 28. f5
gxf5 29. Nxf5 Bxf5 30. Rxf5 Rg7 31. Rdf1 Nd7 32. Qf3 Nf6 33. Qe2 Qf7 34. Bxa6
Qg6 35. Bc4 h5 36. a4 h4 37. h3 Qh6 38. a5 Rg3 39. R5f3 Rxf3 40. Qxf3 Qd2 41.
a6 Qd4+ 42. Kh1 Kf8 43. Qf5 Kg7 44. Qc8 Qe5 45. Qxc7 Ne4 46. a7 Ng3+ 47. Kg1 Qe3+
48. Rf2 Qe1+ 49. Bf1 Nxf1 50. Rxf1 1-0

[Event "Mistrzostwa Miedzywojewodzkie Juniorow OP-SL C11"]
[Site "OW ”Sudety” Pokrzywna "]
[Date "1899-12-30"]
[Round "3.5"]
[White "Myrmus, Mateusz"]
[Black "Karut, Kacper"]
[Result "1/2-1/2"]
[WhiteTitle "II"]
[BlackTitle "II"]
[WhiteElo "1385"]
[BlackElo "1190"]

1. e4 c5 2. c3 e6 3. d4 cxd4 4. cxd4 a6 5. Nc3 b5 6. Nf3 Bb7 7. Bd3 d6 8. O-O Nd7
9. Be3 Be7 10. Qb3 Qb8 11. Ne2 Ngf6 12. Ng3 O-O 13. Rac1 Rc8 14. Rxc8+ Qxc8 15.
Rc1 Qb8 16. h3 Nf8 17. Qc2 Qd8 18. Qc7 Rb8 19. Kf1 Ng6 20. Qxd8+ Bxd8 21. Ke2
Kf8 22. a3 Ke7 23. b4 h6 24. Bb1 Kd7 25. Ne1 Ke7 26. f3 d5 27. e5 Nd7 28. Nh5
Kf8 29. Nf4 Nxf4+ 30. Bxf4 Nb6 31. Nd3 Nc4 32. Nc5 Ke7 33. Rc3 Bb6 34. Be3 Bxc5
35. dxc5 Rd8 36. Bd4 Bc6 37. f4 f6 38. Rg3 Kf7 39. Rf3 f5 40. h4 h5 41. Rg3 g6
42. Rf3 1/2-1/2

[Event "Mistrzostwa Miedzywojewodzkie Juniorow OP-SL C11"]
[Site "OW ”Sudety” Pokrzywna "]
[Date "1899-12-30"]
[Round "3.6"]
[White "Sputowski, Jakub"]
[Black "Pisarek, Jan"]
[Result "0-1"]
[WhiteTitle "II"]
[BlackTitle "II"]
[WhiteElo "1066"]
[BlackElo "1371"]

1. e4 c5 2. Nf3 d6 3. d4 cxd4 4. Nxd4 Nf6 5. Nc3 g6 6. Be2 Bg7 7. Be3 Nc6 8. Nxc6
bxc6 9. Bd4 O-O 10. O-O e5 11. Be3 d5 12. exd5 cxd5 13. Bg5 Be6 14. Qd2 d4 15.
Nd1 Ne4 16. Bxd8 Nxd2 17. Be7 Rfe8 18. Re1 Rxe7 19. b3 Ne4 20. Nb2 Nc3 21. Bc4
Rc8 22. Bxe6 Rxe6 23. f3 f5 24. a3 e4 25. Nc4 e3 26. Rac1 Bh6 27. g3 f4 28. g4
Bg5 29. Kg2 Bh4 30. Kh3 Bxe1 31. Rxe1 Rxc4 32. bxc4 g5 33. Kg2 Rb6 34. h4 h6 35.
c5 Rb2 36. Rc1 Ne2 37. Re1 Rxc2 38. Kh3 d3 39. Rb1 Rxc5 40. Rb8+ Kf7 41. Rb7+
Ke8 42. Rxa7 d2 43. Ra8+ Kd7 44. Ra7+ Rc7 45. hxg5 hxg5 46. a4 d1=Q 47. a5 Qh1#
0-1

[Event "Mistrzostwa Miedzywojewodzkie Juniorow OP-SL C11"]
[Site "OW ”Sudety” Pokrzywna "]
[Date "1899-12-30"]
[Round "3.7"]
[White "Maslanka, Wojciech"]
[Black "Bernacki, Michal"]
[Result "1/2-1/2"]
[WhiteTitle "II"]
[BlackTitle "II"]
[WhiteElo "1283"]
[BlackElo "1118"]

1. e4 e6 2. d4 d5 3. e5 c5 4. c3 Qb6 5. Nf3 Nc6 6. Bd3 Bd7 7. Nbd2 cxd4 8. Nb3
dxc3 9. bxc3 Bc5 10. O-O Be7 11. Qe2 a6 12. Rb1 Qc7 13. Bf4 Bd8 14. Nc5 b5 15.
a4 Na7 16. Nxd7 Qxd7 17. axb5 axb5 18. Be3 Nc6 19. Bxb5 Nge7 20. Bg5 O-O 21. Bxe7
Bxe7 22. Qc2 Qc7 23. Bd3 h6 24. Rfe1 Bc5 25. Rbd1 Ra5 26. Ra1 Rfa8 27. Rab1 Ra2
28. Rb2 Ra1 29. Reb1 Rxb1+ 30. Rxb1 Nxe5 31. Nxe5 Qxe5 32. c4 dxc4 33. Qxc4 Qd4
34. Qxd4 Bxd4 35. Be4 Ra1 36. Rxa1 Bxa1 37. Kf1 f5 38. Bd3 Kf7 39. Ke2 Bd4 40.
f3 g5 41. Bc4 Kf6 42. Kd3 Be5 43. h3 Bg3 44. Bb5 e5 45. Bd7 h5 46. Be8 h4 47.
Bd7 Bf2 48. Bc8 f4 49. Ke4 Bd4 50. Kd5 Ke7 51. Bf5 Kf6 52. Bg4 Kg6 53. Ke6 Bc3
54. Bf5+ Kg7 55. Be4 Bd4 56. Kf5 Kh6 57. Kf6 Bb2 58. Kf7 Bd4 59. Kg8 Bc3 60. Kh8
Bb2 61. Kg8 1/2-1/2

[Event "Mistrzostwa Miedzywojewodzkie Juniorow OP-SL C11"]
[Site "OW ”Sudety” Pokrzywna "]
[Date "1899-12-30"]
[Round "3.10"]
[White "Jasionowski, Filip"]
[Black "Chruszcz, Mariusz"]
[Result "1-0"]
[WhiteTitle "II"]
[BlackTitle "III"]
[WhiteElo "1149"]
[BlackElo "1032"]

1. e4 e5 2. Nf3 Nc6 3. Bc4 Nf6 4. Ng5 d5 5. exd5 Na5 6. Bb5+ c6 7. dxc6 bxc6 8.
Ba4 h6 9. Nf3 Bd6 10. Qe2 Qe7 11. O-O O-O 12. d3 Bg4 13. h3 Bxf3 14. Qxf3 Rac8
15. Be3 c5 16. Nc3 Rfd8 17. Rfe1 c4 18. dxc4 Nxc4 19. Rab1 Nxe3 20. Qxe3 Rc4 21.
Bb3 Rb4 22. a3 Rbb8 23. Kh1 Qb7 24. Ne4 Nxe4 25. Qxe4 Qxe4 26. Rxe4 Rb5 27. Rd1
Kf8 28. Re3 f6 29. Red3 Rb6 30. c4 Rbb8 31. c5 Bc7 32. Rxd8+ Bxd8 33. c6 Ba5 34.
Rd3 h5 35. f3 g5 36. Kg1 Kg7 37. Rd7+ Kf8 38. Rd3 Kg7 39. Kf2 Kf8 40. Ke3 f5 41.
Ke2 f4 42. Kd1 Rc8 43. Ba4 Rb8 44. b4 Bb6 45. Rd5 a6 46. Rxe5 Bd8 47. Kc2 Kg7
48. c7 Bxc7 49. Re7+ Kf6 50. Rxc7 Ke5 51. Rc5+ Kd4 52. Rxg5 Rc8+ 53. Rc5 Rxc5+
54. bxc5 Kxc5 55. h4 Kd6 56. Be8 Ke7 57. Bxh5 1-0

[Event "Mistrzostwa Miedzywojewodzkie Juniorow OP-SL C11"]
[Site "OW ”Sudety” Pokrzywna "]
[Date "1899-12-30"]
[Round "3.11"]
[White "Grodzicki, Piotr"]
[Black "Grzybek, Mikolaj"]
[Result "1-0"]
[WhiteTitle "II"]
[BlackTitle "II"]
[WhiteElo "1169"]
[BlackElo "1285"]

1. f4 d5 2. Nf3 Nf6 3. e3 Nc6 4. Bb5 Bd7 5. Bxc6 Bxc6 6. O-O e6 7. b3 Bc5 8. d3
O-O 9. Qe1 h6 10. Bb2 Re8 11. Ne5 Bb6 12. Nd2 Qe7 13. Ndf3 Rad8 14. Kh1 Rd6 15.
Rg1 Nd7 16. d4 Nf6 17. g4 Ne4 18. g5 hxg5 19. Nxg5 Nxg5 20. fxg5 Rf8 21. Qh4 f6
22. Ng6 Kf7 23. Nxe7 Kxe7 24. gxf6+ gxf6 25. Rg7+ Kd8 26. Rf1 1-0

[Event "Mistrzostwa Miedzywojewodzkie Juniorow OP-SL C11"]
[Site "OW ”Sudety” Pokrzywna "]
[Date "1899-12-30"]
[Round "3.12"]
[White "Rzepka, Marcin"]
[Black "Kotowicz, Kamil"]
[Result "1-0"]
[WhiteTitle "III"]
[BlackTitle "II"]
[WhiteElo "1102"]
[BlackElo "1167"]

1. b3 Nf6 2. Bb2 g6 3. Nf3 Bg7 4. e4 d6 5. Bc4 O-O 6. d3 Nc6 7. Nbd2 e5 8. O-O
Ne7 9. d4 exd4 10. Bxd4 c5 11. Bxf6 Bxf6 12. Rb1 Bg7 13. Re1 d5 14. exd5 Nxd5
15. Ne4 Nc3 16. Qxd8 Rxd8 17. Nxc3 Bxc3 18. Re7 Rd7 19. Re8+ Kg7 20. Bb5 Rd6 21.
Bc4 f6 22. Rg8+ Kh6 23. g4 Ba5 24. g5+ fxg5 25. Ne5 Kh5 26. Be2+ Kh4 27. Rh8 g4
28. Rxh7+ Kg5 29. Nf7+ Kf4 30. Nxd6 Bf5 31. Nxf5 gxf5 32. Bd3 Re8 33. Rf7 Re5
34. Rxb7 Bb6 35. b4 cxb4 36. Rxb4+ Kf3 37. R4xb6 axb6 38. Rxb6 Re1+ 39. Bf1 Ra1
40. Rb3+ Ke4 41. Kg2 Rxa2 42. Bd3+ Kf4 43. Rb5 g3 44. Rxf5+ Kg4 45. f3+ Kh4 46.
hxg3# 1-0

[Event "Mistrzostwa Miedzywojewodzkie Juniorow OP-SL C11"]
[Site "OW ”Sudety” Pokrzywna "]
[Date "1899-12-30"]
[Round "3.13"]
[White "Raclawicki, Tymoteusz"]
[Black "Myszor, Przemyslaw"]
[Result "1-0"]
[WhiteTitle "III"]
[BlackTitle "II"]
[WhiteElo "1217"]
[BlackElo "1076"]

1. e4 e6 2. d4 d5 3. exd5 exd5 4. Bd3 Nc6 5. c3 Nf6 6. h3 Be6 7. Qf3 Qd7 8. Ne2
h6 9. O-O Bd6 10. Bf4 Bxf4 11. Nxf4 O-O-O 12. Nd2 Kb8 13. Nb3 Bf5 14. Nxd5 Qxd5
15. Qxf5 Qxf5 16. Bxf5 Rhe8 17. Rfe1 a6 18. Nc5 Ne7 19. Be4 Nc6 20. Bxc6 bxc6
21. Nxa6+ Kb7 22. Nc5+ Kb6 23. Rxe8 Rxe8 24. Kf1 Nd5 25. a4 Ra8 26. Re1 Rd8 27.
g3 Ka7 28. Re2 Kb6 29. Ke1 Ka7 30. Kd2 Rb8 31. b4 Rd8 32. Kd3 Rb8 33. Kc4 Nb6+
34. Kb3 Nd5 35. Nd7 Rb7 36. Ne5 Rb6 37. a5 Rb5 38. Nxc6+ Kb7 39. c4 Kxc6 40. cxd5+
Rxd5 41. Kc4 Rd8 42. b5+ Kb7 43. Kc5 Rd7 44. a6+ Kb8 45. Re8+ Ka7 46. Kc6 Rxd4
47. Re5 Rc4+ 48. Rc5 Re4 49. Kxc7 Re7+ 50. Kd8 Re2 51. Rc7+ Ka8 52. b6 Rb2 53.
Rc8# 1-0

[Event "Mistrzostwa Miedzywojewodzkie Juniorow OP-SL C11"]
[Site "OW ”Sudety” Pokrzywna "]
[Date "1899-12-30"]
[Round "3.14"]
[White "Miler, Franciszek"]
[Black "Martyniak, Milosz"]
[Result "1-0"]
[WhiteTitle "III"]
[BlackTitle "II"]
[WhiteElo "1131"]
[BlackElo "1224"]

1. e4 e6 2. d4 d5 3. e5 c5 4. Nf3 Nc6 5. Bd3 cxd4 6. O-O Qc7 7. Re1 Bd7 8. Nbd2
Nb4 9. Nb3 Nxd3 10. Qxd3 Ne7 11. Nbxd4 Nc6 12. Bg5 Be7 13. Bxe7 Nxe7 14. c3 O-O
15. Ng5 Ng6 16. Qh3 h6 17. Ngf3 a6 18. a4 Qb6 19. b4 Qc7 20. Re3 Qc4 21. Nd2 Qc7
22. a5 Rac8 23. Rae1 Qd8 24. N2b3 Qe7 25. Nc5 Bc6 26. Qg4 Be8 27. f4 Rc7 28. f5
exf5 29. Nxf5 Qg5 30. Qxg5 hxg5 31. Rg3 Bd7 32. Nd6 Bc6 33. Rxg5 Kh7 34. e6 fxe6
35. Nxe6 Re8 36. Nxe8 Re7 37. Rxg6 1-0

[Event "Mistrzostwa Miedzywojewodzkie Juniorow OP-SL C11"]
[Site "OW ”Sudety” Pokrzywna "]
[Date "1899-12-30"]
[Round "4.1"]
[White "Wiatrowski, Zbigniew"]
[Black "Herwy, Jakub"]
[Result "0-1"]
[WhiteTitle "II"]
[BlackTitle "II+"]
[WhiteElo "1403"]
[BlackElo "1331"]

1. e4 c5 2. Nf3 Nc6 3. Bb5 d6 4. O-O Bd7 5. c3 g6 6. d3 Bg7 7. Be3 Nf6 8. Nbd2
a6 9. Ba4 b5 10. Bc2 b4 11. d4 bxc3 12. bxc3 cxd4 13. cxd4 O-O 14. Bb3 Na5 15.
Rb1 Nxb3 16. Rxb3 Ba4 17. Ne1 Bxb3 18. Qxb3 Qb8 19. Qa3 Qb7 20. Qd3 Rfc8 21. f4
Ng4 22. h3 Nxe3 23. Qxe3 Qb2 24. Nef3 Rc3 25. Qf2 Rac8 26. Kh2 Rc2 27. e5 Qxa2
28. g4 Bh6 29. g5 Bg7 30. h4 a5 31. h5 a4 32. h6 Bh8 33. Qe3 d5 34. Kg3 R8c3 35.
Rb1 Bg7 36. Qg1 Bf8 37. Kg4 Rxd2 38. Nxd2 Qxd2 39. e6 Qe2+ 40. Kh4 Qh5# 0-1

[Event "Mistrzostwa Miedzywojewodzkie Juniorow OP-SL C11"]
[Site "OW ”Sudety” Pokrzywna "]
[Date "1899-12-30"]
[Round "4.2"]
[White "Norek, Maciej"]
[Black "Bogusz, Alan"]
[Result "0-1"]
[WhiteTitle "II+"]
[BlackTitle "II+"]
[WhiteElo "1447"]
[BlackElo "1754"]

1. e4 c5 2. Nf3 e6 3. d4 cxd4 4. Nxd4 Nc6 5. Nc3 Qc7 6. Be3 a6 7. f3 d6 8. Qd2
Be7 9. O-O-O Nf6 10. g4 O-O 11. h4 Nxd4 12. Bxd4 b5 13. a3 Bb7 14. h5 Nd7 15.
g5 Rad8 16. Bh3 e5 17. Be3 Nc5 18. g6 Bc8 19. Nd5 Nb3+ 20. Kb1 Nxd2+ 21. Rxd2
Qb7 22. Bxc8 Rxc8 23. gxh7+ Kxh7 24. Rg2 Rg8 25. Bg5 Bxg5 26. Rxg5 a5 27. h6 g6
28. Nf6+ Kh8 29. Nxg8 Kxg8 30. Rd1 Qc6 31. Rg2 b4 32. axb4 axb4 33. Rd3 Ra8 34.
Kc1 Kh7 0-1

[Event "Mistrzostwa Miedzywojewodzkie Juniorow OP-SL C11"]
[Site "OW ”Sudety” Pokrzywna "]
[Date "1899-12-30"]
[Round "4.3"]
[White "Czernecki, Andrzej"]
[Black "Jasionowski, Filip"]
[Result "1/2-1/2"]
[WhiteTitle "II+"]
[BlackTitle "II"]
[WhiteElo "1462"]
[BlackElo "1149"]

1. e4 c6 2. d4 d5 3. Nc3 dxe4 4. Nxe4 Nd7 5. Nf3 Ngf6 6. Ng3 Nb6 7. Bd3 Bg4 8.
c3 e6 9. h3 Bxf3 10. Qxf3 Be7 11. O-O O-O 12. Ne4 Nbd5 13. Re1 Qc7 14. Nxf6+ Nxf6
15. Bf4 Bd6 16. Bg5 Be7 17. Bc2 Rfd8 18. Re5 Rd5 19. Rxd5 cxd5 20. h4 h6 21. Bf4
Bd6 22. Bxd6 Qxd6 23. Re1 b5 24. Qe2 a6 25. Qe5 Qxe5 26. dxe5 Nd7 27. f4 Rc8 28.
Rd1 b4 29. Bd3 bxc3 30. bxc3 Nc5 31. Bc2 Rb8 32. Bb3 Nxb3 33. Rb1 Kf8 34. Kf2
Ke7 35. Rxb3 Rxb3 36. axb3 Kd7 37. Ke3 Kc6 38. Kd4 Kb5 39. g4 g6 40. h5 gxh5 41.
gxh5 a5 42. Kd3 Kc5 43. Ke3 Kc6 1/2-1/2

[Event "Mistrzostwa Miedzywojewodzkie Juniorow OP-SL C11"]
[Site "OW ”Sudety” Pokrzywna "]
[Date "1899-12-30"]
[Round "4.4"]
[White "Cieply, Krzysztof"]
[Black "Myrmus, Mateusz"]
[Result "1/2-1/2"]
[WhiteTitle "II"]
[BlackTitle "II"]
[WhiteElo "1302"]
[BlackElo "1385"]

1. e4 d5 2. exd5 Nf6 3. Nc3 Nxd5 4. Bc4 Nxc3 5. bxc3 e6 6. Nf3 Nc6 7. O-O Be7 8.
d4 O-O 9. Bf4 b6 10. Ne5 Nxe5 11. Bxe5 Bd6 12. Qe2 Bb7 13. Rfe1 Bxe5 14. Qxe5
Qd6 15. Bd3 Qxe5 16. Rxe5 Rfd8 17. Bc4 Rac8 18. a4 a5 19. Rb1 Bc6 20. Bb3 Rd6
21. f3 Kf8 22. Kf2 Ke7 23. Rbe1 Rcd8 24. f4 Kf6 25. g4 g6 26. h4 Rb8 27. h5 Rg8
28. g5+ Ke7 29. h6 Rgd8 30. Kg3 Kf8 31. Kf2 Bb7 32. Kg3 Bc6 33. Kf2 Bb7 34. Kg3
Bc6 35. Kh2 Bb7 36. Kg1 Bc6 37. Kf2 Bb7 38. Kg1 Bc6 39. Kh2 Bb7 40. Kg3 Bc6 41.
Kh2 Bb7 1/2-1/2

[Event "Mistrzostwa Miedzywojewodzkie Juniorow OP-SL C11"]
[Site "OW ”Sudety” Pokrzywna "]
[Date "1899-12-30"]
[Round "4.5"]
[White "Pisarek, Jan"]
[Black "Bochenek, Ryszard"]
[Result "1/2-1/2"]
[WhiteTitle "II"]
[BlackTitle "II"]
[WhiteElo "1371"]
[BlackElo "1233"]

1. e4 e6 2. d4 d5 3. Nd2 dxe4 4. Nxe4 Bd7 5. Bg5 Be7 6. Bxe7 Qxe7 7. Nf3 Bc6 8.
Nc5 Nd7 9. Nxd7 Bxd7 10. Ne5 Nf6 11. Nxd7 Qxd7 12. c3 O-O-O 13. Qb3 Rhe8 14. O-O-O
Qe7 15. Qc2 e5 16. Bb5 c6 17. Ba4 exd4 18. cxd4 Kb8 19. f3 Qe3+ 20. Kb1 Rxd4 21.
Rxd4 Qxd4 22. Rd1 Qe5 23. Bb3 Qxh2 24. Bxf7 Re7 25. Bc4 Qg3 26. Bf1 Re1 27. Qd2
Rxd1+ 28. Qxd1 Nd5 29. Qd2 Qe5 30. Bc4 Kc8 31. Bxd5 Qxd5 32. Qe2 Kd7 33. a3 Qf5+
34. Ka1 h5 35. Qd2+ Qd5 36. Qc3 Qd1+ 37. Ka2 Qd5+ 38. Ka1 Qd1+ 39. Ka2 Qd5+ 40.
Ka1 Qg5 41. Qd4+ Kc7 42. Qxa7 Qc1+ 43. Ka2 Qc4+ 44. Ka1 Qc1+ 45. Ka2 1/2-1/2

[Event "Mistrzostwa Miedzywojewodzkie Juniorow OP-SL C11"]
[Site "OW ”Sudety” Pokrzywna "]
[Date "1899-12-30"]
[Round "4.6"]
[White "Karut, Kacper"]
[Black "Chmiel, Pawel"]
[Result "1-0"]
[WhiteTitle "II"]
[BlackTitle "III"]
[WhiteElo "1190"]
[BlackElo "1295"]

1. e4 e5 2. Nf3 Nc6 3. Bb5 a6 4. Bxc6 dxc6 5. O-O Bd6 6. d4 exd4 7. Qxd4 f6 8.
Nc3 Be7 9. Qxd8+ Bxd8 10. Bf4 Ne7 11. Rad1 O-O 12. h3 Ng6 13. Bg3 b6 14. Rd2 Be6
15. Rfd1 h6 16. Ne2 f5 17. exf5 Bxf5 18. Ned4 Bd7 19. Ne2 Be6 20. Nc1 c5 21. Nd3
Rc8 22. Nde5 Nxe5 23. Nxe5 Bf5 24. Nd7 Re8 25. c3 Bg5 26. f4 Be7 27. Ne5 Bd6 28.
Re1 b5 29. Rde2 c4 30. a3 Re6 31. Nf3 Rg6 32. Bh2 Bc5+ 33. Kh1 Rd6 34. Re5 Bf2
35. Rf1 Bxh3 36. gxh3 Bb6 37. Rfe1 Kf7 38. f5 Rf6 39. Nd4 Bxd4 40. cxd4 Rd8 41.
Re7+ Kf8 42. Rxc7 Rxd4 43. Be5 Rdd6 44. Bxf6 gxf6 45. Rce7 1-0

[Event "Mistrzostwa Miedzywojewodzkie Juniorow OP-SL C11"]
[Site "OW ”Sudety” Pokrzywna "]
[Date "1899-12-30"]
[Round "4.7"]
[White "Jendrowiak, Maciej"]
[Black "Maslanka, Wojciech"]
[Result "1-0"]
[WhiteTitle "II"]
[BlackTitle "II"]
[WhiteElo "1225"]
[BlackElo "1283"]

1. d4 e6 2. c4 d5 3. Nc3 c6 4. cxd5 cxd5 5. Nf3 Nc6 6. a3 Nf6 7. Bg5 Be7 8. e3
h6 9. Bh4 O-O 10. Bd3 Nd7 11. Bg3 f5 12. Nd2 Nf6 13. f3 a6 14. Nb3 Bd7 15. O-O
Be8 16. e4 dxe4 17. fxe4 Nxd4 18. Bc4 Nxb3 19. Qxb3 Bc5+ 20. Kh1 Qb6 21. Qxb6
Bxb6 22. exf5 Kh8 23. Bd6 Bc6 24. Bxf8 Rxf8 25. fxe6 Re8 26. Rae1 Ng4 27. Re2
Ne3 28. Rf4 g5 29. Rxe3 Bxe3 30. Rf7 Bc5 31. h3 Rf8 32. Nd5 Bd6 33. Rxf8+ Bxf8
34. e7 Bg7 35. Nc7 Bxb2 36. a4 Bxa4 37. Bb5 Bxb5 38. Nxb5 1-0

[Event "Mistrzostwa Miedzywojewodzkie Juniorow OP-SL C11"]
[Site "OW ”Sudety” Pokrzywna "]
[Date "1899-12-30"]
[Round "4.8"]
[White "Goszyk, Bartosz"]
[Black "Rzepka, Marcin"]
[Result "1-0"]
[WhiteTitle "II"]
[BlackTitle "III"]
[WhiteElo "1270"]
[BlackElo "1102"]

1. e4 b6 2. g3 Bb7 3. Bg2 e5 4. d3 Nf6 5. Ne2 Nc6 6. O-O d6 7. Nbc3 Be7 8. f4 O-O
9. h3 Qd7 10. f5 Bd8 11. Be3 h6 12. g4 Ne7 13. Ng3 d5 14. exd5 Nexd5 15. Nxd5
Bxd5 16. Ne4 Qc6 17. Nxf6+ Bxf6 18. Bxd5 Qxd5 19. Qf3 Qxf3 20. Rxf3 Rfe8 21. Rf2
e4 22. d4 Rad8 23. Rd1 Rd7 24. Rfd2 Red8 25. Kf2 Bh4+ 26. Ke2 Kf8 27. Bf4 f6 28.
Ke3 Re8 29. d5 Kf7 30. Rd4 g6 31. fxg6+ Kxg6 32. Rxe4 Rxe4+ 33. Kxe4 Bg5 34. Bxg5
hxg5 35. c4 Rh7 36. Rh1 Re7+ 37. Kd3 Rd7 38. Rh2 c6 39. Kd4 Kf7 40. Re2 Kg7 41.
Re6 cxd5 42. cxd5 Kf7 43. Rc6 Ke7 44. Ke4 Kf7 45. Re6 Kg7 46. d6 Kf7 47. Kf5 Kg8
48. Kxf6 Rg7 49. Re7 Rxe7 50. dxe7 Kh7 51. e8=Q a5 52. Qf7+ Kh6 53. Qh5# 1-0

[Event "Mistrzostwa Miedzywojewodzkie Juniorow OP-SL C11"]
[Site "OW ”Sudety” Pokrzywna "]
[Date "1899-12-30"]
[Round "4.9"]
[White "Bernacki, Michal"]
[Black "Grodzicki, Piotr"]
[Result "0-1"]
[WhiteTitle "II"]
[BlackTitle "II"]
[WhiteElo "1118"]
[BlackElo "1169"]

1. c4 c6 2. Nc3 d5 3. e3 Nf6 4. d4 Bf5 5. Nge2 dxc4 6. Ng3 Be6 7. a4 a6 8. Be2
g6 9. Nge4 Nbd7 10. a5 Bd5 11. Nxf6+ Nxf6 12. f3 Bg7 13. Qa4 O-O 14. Bxc4 Bxc4
15. Qxc4 e6 16. O-O Nd5 17. Nxd5 cxd5 18. Qd3 Rc8 19. Bd2 Qd7 20. Rfc1 Rxc1+ 21.
Bxc1 Rc8 22. Bd2 Rc7 23. Bc3 Qc8 24. Kf2 Rc4 25. Ra3 Qd7 26. h3 Ra4 27. Rxa4 Qxa4
28. Qf1 Qc2+ 29. Qe2 Qb3 30. Ke1 Kf8 31. Kd2 Ke7 32. Qd1 Qc4 33. Qa1 Ke8 34. Qa3
Bf8 35. Qa1 Kd7 36. Qd1 Kc6 37. b3 Qb5 38. Qc2 Kd7 39. Qd1 Bd6 40. Kc2 Bc7 41.
Qd2 Qc6 42. Kb2 Qb5 43. Qe1 Qd3 44. Qd2 Qxd2+ 45. Bxd2 Kc6 46. b4 Kb5 47. Kb3
b6 48. axb6 Bxb6 49. Bc3 a5 50. bxa5 Bxa5 51. Bxa5 Kxa5 52. Ka3 Kb5 53. Kb3 h6
54. h4 h5 55. g4 f6 56. Kc3 Ka4 57. Kd3 Kb3 58. e4 f5 59. g5 f4 60. exd5 exd5
61. Kd2 Kc4 62. Kc2 Kxd4 63. Kd2 Kc4 64. Kc2 d4 65. Kd2 d3 66. Kd1 Kd4 67. Kd2
Kc4 68. Kd1 Kd5 69. Kc1 d2+ 70. Kc2 Kc4 71. Kxd2 Kd4 72. Ke2 Kc3 73. Ke1 Kd3 74.
Kf2 Kd2 75. Kg2 Ke2 76. Kh3 Kxf3 77. Kh2 Ke2 78. Kg2 f3+ 79. Kg1 f2+ 80. Kh1 f1=Q+
81. Kh2 Qf3 82. Kg1 Ke3 83. Kh2 Kf4 84. Kg1 Qe2 85. Kh1 Kg3 0-1